LEADER 01979nam a2200421 a 4500 001 000000141224 003 CaOOAMICUS 005 20150116131611.0 008 150116s2014 gw u001 u ger r 020 $z9783451273797* 040 $aPUL$bita 082 04$a193 100 0 $aTheresia Benedicta a Cruce,$cs.,$d1891-1942.$0(OLS)http://pul/name/8163 245 11$a"Freiheit und Gnade" und weitere Beiträge zu Phänomenologie und Ontologie (1917 bis 1937) /$cbearbeitet und eingeführt von Beate Beckmann-Zöller und Hans Rainer Sepp. 260 $aFreiburg :$bHerder,$c2014. 300 $aCXXIX, 380 p. ;$c22 cm 490 1 $aEdith Stein Gesamtausgabe ;$v09 490 1 $aPhänomenologie und Ontologie 504 $aBibliografia in nota. 650 4$aFenomenologia$xStudi.$0(OLS)http://pul/subject/39462 650 4$aGrazia.$0(OLS)http://pul/subject/22983 650 4$aLibertà.$0(OLS)http://pul/subject/40 700 1 $aBeckmann-Zöller, Beate.$0(OLS)http://pul/name/59383 700 1 $aSepp, Hans Rainer.$0(OLS)http://pul/name/35640 830 0$aEdith Stein Gesamtausgabe ;$v09.$0(OLS)http://pul/title/99687 830 0$aPhänomenologie und Ontologie.$0(OLS)http://pul/title/176712 850 $aPUL 852 $aPUL$W1$xSL Filosofia 3$y81$m193 STEED 5.9$j163061$qDDC 21$q $B162868$CPULBib$Z2$F162868 $H125241 $81 900 $aStein, Edith, $csuora,$d1891-1942$98163 900 $aEdith Stein,$cs.,$d1891-1942 $98163 900 $aTeresa Benedetta della Croce.$cs.,$d1891-1942$98163 900 $aTeresia Benedicta a Cruce,$cs.,$d1891-1942?$98163 941 1 $a9 996 $6020$z9783451273797*$9(OLS)http://pul/number/156719 996 $6082$a193$9(OLS)http://pul/classification/412 996 $6245$a"Freiheit und Gnade" und weitere Beiträge zu Phänomenologie und Ontologie (1917 bis 1937)$9(OLS)http://pul/title/178705 996 $6260$aFreiburg :$bHerder$9(OLS)http://pul/publisher/48354 LEADER 02976nam a2200289 a 4500 001 000000117036 003 CaOOAMICUS 005 20090918122415.0 008 090918s1576 sz u001 u lat r 040 $aPUL$bita$dRoss 100 1 $aFicino, Marsilio,$d1433-1499.$0(OLS)http://pul/name/13395 245 10$aMarsilij Ficini Florentini ... opera, et quae hactenus extitere, et quae in lucem nunc primum prodiere omnia: ... in duos tomos digesta, et ab innumeris mendis hac postrema editione castigata: ... Una cum Gnomologia, hoc est, Sententiarum ex iisdem operibus collectarum farragine copiosissima, in calce totius voluminis adiecta. 246 30$aOpera, et quae hactenus extitere, et quae in lucem nunc primum prodiere omnia: ... in duos tomos digesta, et ab innumeris mendis hac postrema editione castigata: ... Una cum Gnomologia, hoc est, Sententiarum ex iisdem operibus collectarum farragine copiosissima, in calce totius voluminis adiecta. 260 $aBasileae :$bex officina Henricpetrina ,$c[1576]$e(Basileae :$fex officina Henricpetrina,$g1576) 300 $a2 v. ;$cfol. (32 cm) 500 $aIniziali xil. 510 0 $aDescrizione bibliografica ricavata da Opac Sbn (IT\ICCU\UBOE\005597). 662 $aSvizzera$dBasilea.$0(OLS)http://pul/subject/37030 700 1 $aFicino, Marsilio,$d1433-1499.$tOpera.$0(OLS)http://pul/nameTitle/1023$0(OLS)http://pul/name/13395$0(OLS)http://pul/title/147233 700 1 $aPetri, Heinrich$4pbl.$0(OLS)http://pul/name/71072 787 0 $aFicino, Marsilio 1433-1499.$tSententiae pulcherrimae cum multarum rerum definitionibus: ex Marsilij Ficini Florentini ... operibus collectae, secundum alphabetum distributae per Adamum Henricum Petri. .$dBasileae : [s.n.], 1561.$w()117035 850 $aPUL 852 $aPUL$W1$xDP1 Antico 500$y12$m82 H 13 int.2$j134246$qStampati Antico$B133229$CPULBib$Z2$F133229 $82 961 $aPosseduto solo il vol. 2.Precedente appartenenza: Monastero di S. Alessio (S. A.).Timbro della "Biblioteca Pia Pont. Seminarii Romani" e annotazione ms. ("Ex coenobij S. Nicolaj De Arenis [...]") sul front. dell'ed. con cui l'esemplare è rilegato.Precedenti coll.: V I 5; C.m.6. 996 $6246$aOpera, et quae hactenus extitere, et quae in lucem nunc primum prodiere omnia: ... in duos tomos digesta, et ab innumeris mendis hac postrema editione castigata: ... Una cum Gnomologia, hoc est, Sententiarum ex iisdem operibus collectarum farragine copiosissima, in calce totius voluminis adiecta.$9(OLS)http://pul/title/147232 996 $6245$aMarsilij Ficini Florentini ... opera, et quae hactenus extitere, et quae in lucem nunc primum prodiere omnia: ... in duos tomos digesta, et ab innumeris mendis hac postrema editione castigata: ... Una cum Gnomologia, hoc est, Sententiarum ex iisdem operibus collectarum farragine copiosissima, in calce totius voluminis adiecta.$9(OLS)http://pul/title/147231 996 $6260$aBasileae :$bex officina Henricpetrina $9(OLS)http://pul/publisher/80659